|
|
|
|
| LEADER |
00649nem a22002052a 4500 |
| 001 |
001112821 |
| 003 |
CZ BrMZK |
| 005 |
20100830103434.0 |
| 007 |
aj|c|||| |
| 008 |
100830s1951 xr |||||||| |r|||||cze d |
| 040 |
|
|
|a BOA001
|b cze
|
| 100 |
1 |
|
|a Kuchař, Karel,
|d 1906-1975
|7 jk01070727
|4 aut
|
| 245 |
0 |
0 |
|a Albánie
|h [kartografický dokument]
|b politická mapa lidové republiky Albanie /
|c Karel Kuchař
|
| 250 |
|
|
|a 1. vyd.
|
| 255 |
|
|
|a 1 : 1000000
|
| 260 |
|
|
|a Praha :
|b Orbis,
|c 1951
|
| 300 |
|
|
|a 1 mapa
|
| 910 |
|
|
|a BOA001
|b PK-0002.090
|
| 990 |
|
|
|a MP
|
| 996 |
7 |
|
|b 3119682814
|c PK-0002.090
|l MZK
|r Sklad / do 1 hodiny
|n 0
|w 001140404
|u 000010
|a 1
|e BOA001
|j MZK50
|s A
|